000
00282 a2200145 4500
001
164135
020
_a
040
_c
Magnum
100
_a
3 Periodo 3
240
1
0
_a
Mitos do folclore
_l
por
245
1
0
_a
Mitos do folclore
362
0
_a
1899
697
_a
I/GERAL
942
_c
BK
999
_c
164135
_d
164135